[Event "Bayerische EM 2022 - Allgemeine Gruppe"]
[Site "Rosenheim"]
[Date "2022.08.25"]
[Round "7.18"]
[White "Duong, Quang Bach"]
[Black "Sesselmann, Moritz"]
[Result "1-0"]
[WhiteElo "1525"]
[BlackElo "1704"]
[PlyCount "53"]
[EventDate "2022.??.??"]
[WhiteTeam "SK Nürnberg"]
[BlackTeam "SK Kulmbach"]

1. e4 c5 2. Nf3 d6 3. d4 cxd4 4. Nxd4 Nf6 5. Nc3 a6 6. Rg1 e5 7. Nb3 Be6 8. g4
b5 9. g5 Nfd7 10. Be3 Nb6 11. Qe2 b4 12. Nd5 Nxd5 13. exd5 Bxd5 14. O-O-O Be6
15. Bg2 d5 16. f4 exf4 17. Bxf4 Bd6 18. Bxd6 Qxd6 19. Bxd5 Ra7 20. Bxe6 Qxe6
21. Qf2 Re7 22. Rge1 Qc6 23. Qa7 Nd7 24. Nd4 Qc8 25. Nf5 Rxe1 26. Rxe1+ Kf8 27.
Nd6 1-0

[Event "Bayerische EM 2022 - Allgemeine Gruppe"]
[Site "Rosenheim"]
[Date "2022.08.25"]
[Round "7.19"]
[White "Donegani, Peter"]
[Black "Fuchs, Michael"]
[Result "1/2-1/2"]
[WhiteElo "2040"]
[BlackElo "2049"]
[PlyCount "39"]
[EventDate "2022.??.??"]
[WhiteTeam "SG Traunstein/Traunreut"]
[BlackTeam "DJK SF Haselbach"]

1. e4 e6 2. d4 d5 3. Nd2 Be7 4. Bd3 c5 5. dxc5 Nf6 6. Qe2 O-O 7. Ngf3 a5 8. O-O
Na6 9. e5 Nd7 10. c4 Ndxc5 11. Bb1 Nb4 12. Rd1 Qc7 13. Nd4 f5 14. exf6 Bxf6 15.
N2f3 dxc4 16. Nb5 Qb6 17. Qxc4 Bd7 18. Nbd4 Rac8 19. Qe2 Nc6 20. Be3 1/2-1/2

[Event "Bayerische EM 2022 - Allgemeine Gruppe"]
[Site "Rosenheim"]
[Date "2022.08.25"]
[Round "7.20"]
[White "Bunk, Wolfgang"]
[Black "Gode, Gero"]
[Result "0-1"]
[WhiteElo "2011"]
[BlackElo "1754"]
[PlyCount "56"]
[EventDate "2022.??.??"]
[WhiteTeam "SC Bavaria Regensburg von 1881"]
[BlackTeam "SK Mering"]

1. d4 Nf6 2. c4 e6 3. Nf3 Bb4+ 4. Bd2 Bxd2+ 5. Qxd2 b6 6. Nc3 Bb7 7. d5 exd5 8.
cxd5 Qe7 9. g3 O-O 10. Bg2 d6 11. O-O Nbd7 12. Rfe1 Nc5 13. e4 Nfxe4 14. Qc2 f5
15. Nd2 Qf7 16. Ncxe4 fxe4 17. Rad1 Rae8 18. Nxe4 Qf5 19. b4 Na6 20. a3 Kh8 21.
Qd2 Re5 22. Nc3 Rfe8 23. Rxe5 Qxe5 24. Be4 Nb8 25. Qd3 Ba6 26. Qd2 Nd7 27. f4
Qh5 28. Qf2 Rxe4 0-1

[Event "Bayerische EM 2022 - Allgemeine Gruppe"]
[Site "Rosenheim"]
[Date "2022.08.25"]
[Round "7.21"]
[White "Luhn, Robert"]
[Black "Höller, Armin"]
[Result "0-1"]
[WhiteElo "1989"]
[BlackElo "2045"]
[PlyCount "102"]
[EventDate "2022.??.??"]
[WhiteTeam "SK Caissa Augsburg"]
[BlackTeam "SK Weilheim"]

1. d4 f5 2. Nf3 Nf6 3. c4 e6 4. Nc3 d5 5. g3 c6 6. Bg2 Bd6 7. O-O O-O 8. b3 Qe7
9. a4 a5 10. Bb2 Na6 11. Ne5 Bd7 12. Qd2 Nb4 13. Rad1 Be8 14. Kh1 Bh5 15. f3
Rad8 16. Qc1 Qc7 17. cxd5 Nfxd5 18. Nxd5 Nxd5 19. Qg5 Be8 20. e4 h6 21. Qd2 Nf6
22. Nc4 Bb4 23. Qe3 Bg6 24. Ne5 Bh5 25. Rc1 Nd7 26. Nd3 Be7 27. exf5 Nf6 28.
fxe6 Nd5 29. Qd2 Bd6 30. f4 Qe7 31. Rce1 Bg4 32. Bxd5 cxd5 33. Qxa5 Bf5 34. Nc5
Ra8 35. Qc3 b6 36. Nd7 Rfc8 37. Qd2 Rc2 38. Qxc2 Bxc2 39. Nxb6 Be4+ 40. Rxe4
dxe4 41. d5 Qb7 42. Bd4 Ra6 43. a5 Rxa5 44. Rc1 Rxd5 45. Rc8+ Kh7 46. Be3 Rd3
47. Rd8 Rxe3 48. Rxd6 Rd3 49. Rd7 Qxb6 50. e7 Qf2 51. h4 Rxd7 0-1

[Event "Bayerische EM 2022 - Allgemeine Gruppe"]
[Site "Rosenheim"]
[Date "2022.08.26"]
[Round "8.1"]
[White "Schulz, Lukas"]
[Black "Niedermeier, Thomas"]
[Result "1-0"]
[WhiteElo "2271"]
[BlackElo "2253"]
[PlyCount "67"]
[EventDate "2022.??.??"]
[WhiteTeam "SC Erlangen"]
[BlackTeam "SV Ilmmünster"]

1. e4 e5 2. f4 exf4 3. Nf3 Ne7 4. Qe2 Ng6 5. d4 Be7 6. Nc3 O-O 7. Bd2 d6 8.
O-O-O Nc6 9. h3 f5 10. e5 Kh8 11. h4 dxe5 12. h5 Nh4 13. Nxe5 f3 14. gxf3 f4
15. Qc4 Nxe5 16. dxe5 Nxf3 17. Bxf4 Qe8 18. Kb1 Qf7 19. Qxc7 Qxf4 20. Qxe7 Bg4
21. h6 gxh6 22. e6 Rae8 23. Qc5 Nd2+ 24. Rxd2 Qxd2 25. Qe5+ Kg8 26. Bc4 Qf4 27.
e7+ Qxc4 28. exf8=Q+ Rxf8 29. b3 Qe6 30. Qd4 Bf5 31. Kb2 Qc6 32. Re1 Re8 33.
Rf1 Qe4 34. Nxe4 1-0

[Event "Bayerische EM 2022 - Allgemeine Gruppe"]
[Site "Rosenheim"]
[Date "2022.08.26"]
[Round "8.2"]
[White "Miller, Eduard"]
[Black "Albert, Markus"]
[Result "1-0"]
[WhiteElo "2353"]
[BlackElo "2024"]
[PlyCount "181"]
[EventDate "2022.??.??"]
[WhiteTeam "SC Erlangen"]
[BlackTeam "SC Ansbach"]

1. e4 e5 2. f4 Nc6 3. Nf3 f5 4. exf5 e4 5. Ne5 Nf6 6. Nc3 Bc5 7. d3 Qe7 8. dxe4
Nxe5 9. fxe5 Qxe5 10. Qf3 d5 11. Bf4 dxe4 12. Bxe5 exf3 13. gxf3 Bxf5 14. O-O-O
c6 15. Bc4 Rd8 16. Ne4 Bxe4 17. fxe4 Ke7 18. Rde1 Rhf8 19. c3 Ne8 20. b4 Bd6
21. Bd4 Bxb4 22. Ref1 Ba3+ 23. Kc2 b5 24. Rxf8 Kxf8 25. Rf1+ Nf6 26. Bxf6 gxf6
27. Rxf6+ Ke8 28. Be2 Rd6 29. Bh5+ Kd8 30. Rf5 Rd7 31. e5 Rg7 32. Bf3 Kd7 33.
Kd3 Be7 34. Ke4 Rg5 35. Rf4 h5 36. h4 Rg3 37. Kf5 Rh3 38. Rd4+ Kc7 39. Ke6 Bxh4
40. Bxh5 Be1 41. Rd7+ Kb6 42. Bg4 Rg3 43. Kf5 Bxc3 44. e6 Bb4 45. e7 Bxe7 46.
Rxe7 Ra3 47. Re2 c5 48. Ke5 a5 49. Be6 c4 50. Kd6 Rd3+ 51. Bd5 b4 52. Re8 Kb5
53. Rb8+ Ka4 54. Kc5 b3 55. Bxc4 bxa2 56. Bxa2 Ka3 57. Kc4 Rh3 58. Bb1 Rh4+ 59.
Kc3 Rb4 60. Ra8 Rb3+ 61. Kc2 a4 62. Kc1 Rb4 63. Bc2 Rh4 64. Bd1 Rc4+ 65. Kb1
Rd4 66. Bc2 Rh4 67. Rd8 Kb4 68. Rd3 Rh2 69. Rg3 Rh4 70. Kb2 Rf4 71. Ra3 Kb5 72.
Ra1 Rb4+ 73. Ka3 Rh4 74. Rb1+ Ka5 75. Bd3 Rf4 76. Rd1 Rd4 77. Kb2 Kb4 78. Kc2
Rh4 79. Rb1+ Ka3 80. Kc3 Rh2 81. Bc2 Rh3+ 82. Kd2 Rh2+ 83. Kc3 Rh3+ 84. Bd3 Rh2
85. Ra1+ Ra2 86. Rf1 Rb2 87. Bc2 Ka2 88. Bxa4 Rb1 89. Rf5 Rh1 90. Bc2 Rh3+ 91.
Bd3 1-0

[Event "Bayerische EM 2022 - Allgemeine Gruppe"]
[Site "Rosenheim"]
[Date "2022.08.26"]
[Round "8.3"]
[White "Vuckovic, Zarko"]
[Black "Kolb, Tobias"]
[Result "1/2-1/2"]
[WhiteElo "2286"]
[BlackElo "2355"]
[PlyCount "58"]
[EventDate "2022.??.??"]
[WhiteTeam "SF Augsburg"]
[BlackTeam "SC Bamberg"]

1. e4 c6 2. d4 d5 3. Nd2 dxe4 4. Nxe4 Nf6 5. Nxf6+ exf6 6. Bc4 Bd6 7. Qe2+ Be7
8. Nf3 O-O 9. O-O Bd6 10. Re1 Na6 11. Qe4 Nc7 12. Bd3 f5 13. Qh4 Qxh4 14. Nxh4
g6 15. Bh6 Re8 16. Rxe8+ Nxe8 17. g3 Be6 18. Ng2 Nf6 19. a3 a5 20. Rd1 b5 21.
Bf4 Bf8 22. Re1 a4 23. c3 Nd5 24. Bc1 Bd6 25. Be3 Nb6 26. Bf4 Bf8 27. Bc1 Bd6
28. Bf4 Bf8 29. Bc1 Bd6 1/2-1/2

[Event "Bayerische EM 2022 - Allgemeine Gruppe"]
[Site "Rosenheim"]
[Date "2022.08.26"]
[Round "8.4"]
[White "Schmid, Roland"]
[Black "Kocak, Ediz"]
[Result "1/2-1/2"]
[WhiteElo "2233"]
[BlackElo "2080"]
[PlyCount "160"]
[EventDate "2022.??.??"]
[WhiteTeam "Post Regensburg"]
[BlackTeam "SGem Fürth"]

1. Nf3 d5 2. d4 Nf6 3. c4 e6 4. g3 Bb4+ 5. Bd2 Be7 6. Bg2 O-O 7. O-O Nbd7 8.
Qc2 c6 9. Bf4 b6 10. Rd1 Bb7 11. Nc3 dxc4 12. Nd2 Nd5 13. Nxc4 Nxf4 14. gxf4
Qc7 15. e3 Rad8 16. Rac1 c5 17. d5 exd5 18. Nxd5 Bxd5 19. Bxd5 b5 20. Nd2 Nf6
21. Bf3 g6 22. a4 a6 23. axb5 axb5 24. Qb3 Rb8 25. Ra1 c4 26. Qc3 Rfc8 27. b3
cxb3 28. Qxc7 Rxc7 29. Nxb3 b4 30. Nd4 Rb6 31. Rdb1 Kg7 32. Kf1 Bc5 33. Nb3 Be7
34. Nd4 Nd7 35. Ra2 Bf6 36. Nb3 Bc3 37. Rd1 Kf6 38. Ra5 Ke7 39. Rdd5 Rd6 40.
Ke2 Rxd5 41. Rxd5 Ra7 42. Ra5 Rxa5 43. Nxa5 Nc5 44. Bd5 f6 45. Nb3 Na4 46. Bg8
h6 47. Kd3 Kd6 48. Bf7 g5 49. fxg5 fxg5 50. Ke4 Ke7 51. Bg8 Kf6 52. h3 Be5 53.
f4 Nc3+ 54. Kf3 gxf4 55. exf4 Bb8 56. Nc5 Nb5 57. Nd7+ Kg7 58. Bc4 Nd6 59. Be6
Ba7 60. f5 Bd4 61. Ke2 Bc3 62. Kd3 Nf7 63. Bb3 Ng5 64. f6+ Bxf6 65. Nxf6 Kxf6
66. Kc4 Nxh3 67. Kxb4 Nf2 68. Bd5 Ke5 69. Bf7 Ne4 70. Kb3 Kf6 71. Bd5 Ke5 72.
Bf7 Nd6 73. Bh5 Kf4 74. Kc2 Kg5 75. Bf3 Kf4 76. Bh5 Ne4 77. Kd1 Ng3 78. Be8 Ke3
79. Ke1 h5 80. Bxh5 Nxh5 1/2-1/2

[Event "Bayerische EM 2022 - Allgemeine Gruppe"]
[Site "Rosenheim"]
[Date "2022.08.26"]
[Round "8.5"]
[White "Lohvinov, Petro"]
[Black "Kleibel, Uwe"]
[Result "1/2-1/2"]
[WhiteElo "2232"]
[BlackElo "2183"]
[PlyCount "89"]
[EventDate "2022.??.??"]
[WhiteTeam "SK München Südost"]
[BlackTeam "SC Bavaria Regensburg von 1881"]

1. e4 e5 2. Nf3 Nc6 3. Bc4 Nf6 4. d3 Be7 5. O-O O-O 6. Re1 d6 7. a4 Na5 8. Ba2
c5 9. c3 a6 10. Na3 Bd7 11. b4 cxb4 12. cxb4 Nc6 13. b5 axb5 14. axb5 Na7 15.
Rb1 Nc8 16. Bc4 Nb6 17. Qb3 h6 18. d4 Nxc4 19. Nxc4 Nxe4 20. Rxe4 d5 21. Rxe5
dxc4 22. Qxc4 Bd6 23. Re1 Bf5 24. Rb2 Qf6 25. Be3 Rfc8 26. Qd5 Ba3 27. Rbe2 Bd3
28. Rd2 Bc4 29. Qxb7 Rab8 30. Qa6 Bb4 31. Qxf6 gxf6 32. Bxh6 Rxb5 33. Rc1 Bxd2
34. Nxd2 Be6 35. Rxc8+ Bxc8 36. f3 Kh7 37. Be3 Kg6 38. Kf2 Rb2 39. Kg3 Be6 40.
Kf4 f5 41. Kg3 Bd5 42. Kf2 Ra2 43. Bf4 Bc4 44. Be3 Bd5 45. Bf4 1/2-1/2

[Event "Bayerische EM 2022 - Allgemeine Gruppe"]
[Site "Rosenheim"]
[Date "2022.08.26"]
[Round "8.6"]
[White "Reimann, Sebastian"]
[Black "Stöttner, Lukas"]
[Result "1/2-1/2"]
[WhiteElo "2252"]
[BlackElo "1972"]
[PlyCount "118"]
[EventDate "2022.??.??"]
[WhiteTeam "SK Kriegshaber"]
[BlackTeam "SK Landau-Dingolfing"]

1. e4 c5 2. Nf3 Nc6 3. Bb5 e6 4. Bxc6 bxc6 5. b3 Ne7 6. Bb2 Ng6 7. e5 f6 8. d3
Be7 9. Nbd2 O-O 10. O-O fxe5 11. Nxe5 Nxe5 12. Bxe5 d6 13. Bb2 e5 14. Qe2 Rf4
15. Rae1 Bf8 16. Nc4 Bg4 17. f3 Bh5 18. g3 Rf7 19. Qe3 Bg6 20. f4 exf4 21. Rxf4
Re7 22. Qf2 Rxe1+ 23. Qxe1 Qe7 24. Qxe7 Bxe7 25. Rf1 Rf8 26. Re1 Re8 27. Kf2
Bf8 28. Rxe8 Bxe8 29. Ba3 Bd7 30. Bc1 Kf7 31. Bg5 Ke6 32. Bd8 d5 33. Nd2 Bd6
34. Ke3 h6 35. c4 Be8 36. Ba5 Bh5 37. a3 Be5 38. Nf3 Bb2 39. a4 Bc1+ 40. Kf2
Bg6 41. Ke2 Bb2 42. Bd2 Bf6 43. g4 a6 44. Be3 Kd6 45. Bf4+ Ke6 46. Bc7 h5 47.
h3 hxg4 48. hxg4 Bc3 49. Bb6 Bb4 50. Ke3 Kd6 51. Nh4 Bh7 52. g5 Ke6 53. g6 Bg8
54. d4 dxc4 55. bxc4 cxd4+ 56. Bxd4 Be7 57. Ng2 Kf5 58. Bxg7 Kxg6 59. Bc3 Bxc4
1/2-1/2

[Event "Bayerische EM 2022 - Allgemeine Gruppe"]
[Site "Rosenheim"]
[Date "2022.08.26"]
[Round "8.7"]
[White "Löw, Gerald"]
[Black "Stöttner, Moritz"]
[Result "1-0"]
[WhiteElo "2153"]
[BlackElo "1906"]
[PlyCount "61"]
[EventDate "2022.??.??"]
[WhiteTeam "TSV Bindlach Aktionär"]
[BlackTeam "SK Landau-Dingolfing"]

1. c4 Nf6 2. Nc3 g6 3. e4 d6 4. d4 Bg7 5. h3 O-O 6. Be3 Nbd7 7. g4 a6 8. Qd2 b5
9. cxb5 axb5 10. Bxb5 Bb7 11. f3 c6 12. Bd3 c5 13. Nge2 cxd4 14. Nxd4 e5 15.
Nde2 d5 16. exd5 Nxd5 17. Nxd5 Bxd5 18. Be4 Rxa2 19. Rd1 Bb3 20. Qxd7 Bxd1 21.
Qxd1 Qxd1+ 22. Kxd1 Rxb2 23. g5 Ra2 24. Nc1 Rd8+ 25. Ke1 Ra1 26. Rh2 Bf8 27.
Rc2 h6 28. h4 hxg5 29. hxg5 Kg7 30. Ke2 Ra3 31. Nd3 1-0

[Event "Bayerische EM 2022 - Allgemeine Gruppe"]
[Site "Rosenheim"]
[Date "2022.08.26"]
[Round "8.8"]
[White "Böhme, Markus"]
[Black "Michalek, Michal"]
[Result "1/2-1/2"]
[WhiteElo "2170"]
[BlackElo "2153"]
[PlyCount "41"]
[EventDate "2022.??.??"]
[WhiteTeam "SC Uttenreuth"]
[BlackTeam "1.FC Marktleuthen"]

1. d4 Nf6 2. c4 e6 3. g3 d5 4. Bg2 Be7 5. Nf3 c6 6. Qc2 O-O 7. O-O b6 8. Rd1
Bb7 9. b3 Nbd7 10. Nc3 Rc8 11. e4 c5 12. exd5 exd5 13. Bb2 Qc7 14. cxd5 Nxd5
15. Nxd5 Bxd5 16. dxc5 Bxf3 17. Bxf3 Nxc5 18. Qe2 Bd6 19. Rac1 Qb8 20. Rd5 Rfe8
21. Qd2 1/2-1/2

[Event "Bayerische EM 2022 - Allgemeine Gruppe"]
[Site "Rosenheim"]
[Date "2022.08.26"]
[Round "8.9"]
[White "Böhme, Sebastian"]
[Black "Brunner, Tobias"]
[Result "1-0"]
[WhiteElo "2198"]
[BlackElo "2050"]
[PlyCount "75"]
[EventDate "2022.??.??"]
[WhiteTeam "SC Erlangen"]
[BlackTeam "SC Windischeschenbach"]

1. e4 d5 2. exd5 Qxd5 3. Nc3 Qd8 4. d4 g6 5. Nf3 Bg7 6. Be3 Bg4 7. h3 Bxf3 8.
Qxf3 c6 9. O-O-O e6 10. Ne4 Ne7 11. Nf6+ Kf8 12. Ne4 Qd5 13. Bc4 Qf5 14. Bf4
Nd5 15. Bxb8 Rxb8 16. Qa3+ Kg8 17. Qxa7 Rd8 18. Rhe1 Qf4+ 19. Kb1 Qc7 20. Nc5
b5 21. Qxc7 Nxc7 22. Be2 Rxd4 23. Nb3 Rxd1+ 24. Rxd1 Be5 25. Na5 c5 26. Nc6 Bf6
27. Rd7 Nd5 28. Bxb5 Kg7 29. a4 Ra8 30. a5 Nb4 31. Nxb4 Rxa5 32. Bc4 cxb4 33.
Bxe6 Be5 34. Rxf7+ Kh6 35. Rb7 Bd6 36. Bg8 Re5 37. Rxh7+ Kg5 38. g3 1-0

[Event "Bayerische EM 2022 - Allgemeine Gruppe"]
[Site "Rosenheim"]
[Date "2022.08.26"]
[Round "8.10"]
[White "Bratu, Mircea"]
[Black "Hinterreiter, Markus"]
[Result "0-1"]
[WhiteElo "1684"]
[BlackElo "2119"]
[PlyCount "98"]
[EventDate "2022.??.??"]
[WhiteTeam "SG Schwabing München"]
[BlackTeam "TSV Trostberg"]

1. d4 Nf6 2. c4 c6 3. Nc3 d5 4. Nf3 a6 5. g3 b5 6. b3 Bf5 7. Bg2 e6 8. Nh4 Bb4
9. Bd2 Bg6 10. Nxg6 hxg6 11. a3 Be7 12. Bf4 Nbd7 13. O-O Nh5 14. Bd2 bxc4 15.
bxc4 Nb6 16. c5 Nc4 17. e4 Nxd2 18. Qxd2 Nf6 19. e5 Nd7 20. Rfb1 Qc8 21. h4 O-O
22. Rb3 Rb8 23. Rab1 Qc7 24. Na4 Rxb3 25. Rxb3 Rb8 26. Qb2 Rxb3 27. Qxb3 Qb8
28. Qxb8+ Nxb8 29. Nb6 Bd8 30. Na4 Ba5 31. Kf1 Bd2 32. Ke2 Bc1 33. Kd3 Bxa3 34.
Kc2 Bb4 35. Nc3 Kf8 36. Bf1 Ke7 37. Kb3 a5 38. Bd3 Kd7 39. Be2 Kc7 40. Bd3 Kc8
41. g4 Kc7 42. g5 Kb7 43. Bb1 Na6 44. Nd1 Be1 45. Bd3 Ka7 46. Bc2 Nc7 47. h5
gxh5 48. g6 fxg6 49. Bxg6 h4 0-1

[Event "Bayerische EM 2022 - Allgemeine Gruppe"]
[Site "Rosenheim"]
[Date "2022.08.26"]
[Round "8.11"]
[White "Monninger, Moritz"]
[Black "Ritzka, Simon"]
[Result "1-0"]
[WhiteElo "2071"]
[BlackElo "2057"]
[PlyCount "55"]
[EventDate "2022.??.??"]
[WhiteTeam "SK Herzogenaurach"]
[BlackTeam "SC Roter Turm Altstadt"]

1. d4 e6 2. c4 d5 3. Nc3 Nf6 4. cxd5 exd5 5. Bg5 c6 6. e3 h6 7. Bh4 Bb4 8. Bd3
Qa5 9. Qc2 Nbd7 10. Nf3 O-O 11. O-O Re8 12. a3 Bxc3 13. bxc3 Ne4 14. c4 g5 15.
Bg3 Nxg3 16. hxg3 dxc4 17. Bxc4 Nf8 18. Ne5 Be6 19. Bxe6 Rxe6 20. f4 f6 21. Ng4
Kg7 22. e4 Rae8 23. e5 fxe5 24. f5 Rf6 25. dxe5 Rxe5 26. Qb2 Nd7 27. Rad1 Rd5
28. Nxf6 1-0

[Event "Bayerische EM 2022 - Allgemeine Gruppe"]
[Site "Rosenheim"]
[Date "2022.08.26"]
[Round "8.12"]
[White "Vuckovic, Robert"]
[Black "Sesselmann, Christoph"]
[Result "0-1"]
[WhiteElo "1846"]
[BlackElo "1880"]
[PlyCount "94"]
[EventDate "2022.??.??"]
[WhiteTeam "SF Augsburg"]
[BlackTeam "SK Kulmbach"]

1. e4 c5 2. Nc3 Nc6 3. d3 g6 4. Be3 d6 5. Qd2 Bg7 6. g3 e5 7. Bg2 Nge7 8. Bh6
Bxh6 9. Qxh6 Nd4 10. Rc1 Be6 11. Nge2 Nec6 12. O-O Qb6 13. Nxd4 Nxd4 14. Kh1
O-O-O 15. Nd1 Kb8 16. c3 Nc6 17. b3 d5 18. c4 dxe4 19. dxe4 Qa5 20. Nc3 Rde8
21. Qe3 h5 22. h4 f6 23. f4 Bg4 24. Nd5 Ref8 25. fxe5 fxe5 26. Rxf8+ Rxf8 27.
Qh6 Rf2 28. Qxg6 a6 29. Qd6+ Ka7 30. Nc3 Qa3 31. Rg1 Rxg2 32. Rxg2 Qc1+ 33. Kh2
Qxc3 34. Qxc5+ Ka8 35. Rf2 Nb8 36. b4 Nd7 37. Qd6 Qxc4 38. a4 Qxe4 39. b5 Qd4
40. Qxd4 exd4 41. Rf4 d3 42. Rd4 Ne5 43. Kg2 Nf3 44. Rd6 axb5 45. axb5 Ka7 46.
Kf2 d2 47. Rd5 Nd4 0-1

[Event "Bayerische EM 2022 - Allgemeine Gruppe"]
[Site "Rosenheim"]
[Date "2022.08.26"]
[Round "8.13"]
[White "Weiß, Thomas"]
[Black "Fuchs, Florian"]
[Result "1/2-1/2"]
[WhiteElo "1970"]
[BlackElo "1887"]
[PlyCount "108"]
[EventDate "2022.??.??"]
[WhiteTeam "DJK-Regensburg Nord"]
[BlackTeam "DJK SF Haselbach"]

1. Nf3 c5 2. g3 Nc6 3. Bg2 e5 4. c4 g6 5. Nc3 Bg7 6. a3 Nge7 7. O-O O-O 8. d3
d6 9. Rb1 a5 10. Bg5 h6 11. Bxe7 Nxe7 12. Ne1 Nc6 13. Nc2 Bd7 14. Ne3 Rb8 15.
Ned5 Ne7 16. b4 Nxd5 17. Bxd5 b6 18. Qc2 Qc7 19. Rb3 b5 20. bxc5 Qxc5 21. Rfb1
Rbc8 22. Qd2 bxc4 23. dxc4 Bf5 24. Na4 Qd4 25. Qxd4 exd4 26. Rc1 Rfe8 27. Kf1
Re5 28. Bf3 Be6 29. Nb6 Rb8 30. Rcb1 Bf5 31. R1b2 d3 32. exd3 Ree8 33. Rb1 Bd4
34. g4 a4 35. gxf5 axb3 36. Nd5 b2 37. fxg6 fxg6 38. Nc7 Rec8 39. Nd5 Kh7 40.
Nb4 Rf8 41. Kg2 Rf4 42. Nc6 Rb3 43. Nxd4 Rxd3 44. Rxb2 Rfxd4 45. Ra2 Rd2 46.
Rxd2 Rxd2 47. a4 Kg7 48. Bb7 Ra2 49. Bc6 Kf6 50. Kg3 Ke5 51. h4 Ra3+ 52. Kg4
Kf6 53. h5 g5 54. f4 gxf4 1/2-1/2

[Event "Bayerische EM 2022 - Allgemeine Gruppe"]
[Site "Rosenheim"]
[Date "2022.08.26"]
[Round "8.14"]
[White "Rosenboom, Niko"]
[Black "Steinhauer, Artur"]
[Result "0-1"]
[WhiteElo "1678"]
[BlackElo "1920"]
[PlyCount "120"]
[EventDate "2022.??.??"]
[WhiteTeam "SGem Fürth"]
[BlackTeam "SC Bavaria Regensburg von 1881"]

1. e4 c6 2. d4 d5 3. exd5 cxd5 4. c4 Nf6 5. Nc3 Nc6 6. Bg5 dxc4 7. d5 Ne5 8.
Qd4 h6 9. Be3 Nd3+ 10. Bxd3 cxd3 11. Nf3 e6 12. dxe6 Bxe6 13. O-O Be7 14. Qxd8+
Bxd8 15. Rfd1 O-O 16. Rxd3 Ba5 17. Bc5 Rfc8 18. b4 Bf5 19. Re3 Ng4 20. Ree1
Rxc5 21. Ne4 Bxe4 22. Rxe4 Nf6 23. Rd4 Bxb4 24. Rxb4 Rac8 25. Re1 b6 26. Nd4
Rd8 27. Nb5 Rd7 28. Rb2 Kf8 29. Kf1 Nd5 30. Rbe2 g6 31. Rb2 Nc3 32. Nxc3 Rxc3
33. Rbe2 Ra3 34. Rc1 Kg7 35. Ke1 b5 36. Rcc2 b4 37. Re3 Rxe3+ 38. fxe3 Rd3 39.
Ke2 Ra3 40. Kf3 a5 41. h3 Kf6 42. Ke4 Kg5 43. g3 a4 44. Kf3 b3 45. axb3 Rxb3
46. Rc5+ Kf6 47. Ra5 a3 48. h4 Ke6 49. Kf4 Kd6 50. g4 Kc6 51. e4 Kb6 52. Ra8
Kb5 53. Ke5 Rf3 54. g5 hxg5 55. hxg5 Kb4 56. Kd6 Kb3 57. Ke7 Kb2 58. Rb8+ Rb3
59. Ra8 Rb7+ 60. Kf6 a2 0-1

[Event "Bayerische EM 2022 - Allgemeine Gruppe"]
[Site "Rosenheim"]
[Date "2022.08.26"]
[Round "8.15"]
[White "Biedenkopf, Philipp"]
[Black "Duong, Quang Bach"]
[Result "1-0"]
[WhiteElo "1746"]
[BlackElo "1525"]
[PlyCount "103"]
[EventDate "2022.??.??"]
[WhiteTeam "SK Passau"]
[BlackTeam "SK Nürnberg"]

1. d4 d5 2. c4 e6 3. Nf3 Nf6 4. g3 Bb4+ 5. Bd2 Be7 6. Bg2 O-O 7. O-O Nbd7 8.
Qc2 c6 9. Bf4 b6 10. Ne5 Nxe5 11. dxe5 Nd7 12. h4 Bb7 13. Rd1 Bc5 14. Nc3 Qc7
15. Na4 Nxe5 16. cxd5 cxd5 17. Rac1 Rac8 18. Qd2 Qb8 19. Nxc5 Rxc5 20. Qd4 Rxc1
21. Rxc1 f6 22. Bh3 Kf7 23. Rc3 Rc8 24. Re3 Rc4 25. Bxe5 Qxe5 26. Qxe5 fxe5 27.
Rxe5 Bc8 28. Re3 Rc2 29. Rc3 Rxc3 30. bxc3 Ba6 31. e3 Bc4 32. a3 Ke7 33. f4 Kd6
34. Kf2 e5 35. Bf5 h6 36. g4 e4 37. g5 Kc5 38. Bd7 hxg5 39. fxg5 Kd6 40. Bg4
Bb5 41. Kg3 Ke5 42. h5 Be8 43. Kh4 a6 44. Bc8 Bf7 45. g6 Bg8 46. Kg5 d4 47.
cxd4+ Kd6 48. Bxa6 Bb3 49. Bb5 Ke6 50. h6 gxh6+ 51. Kxh6 Kf5 52. Bd7+ 1-0

[Event "Bayerische EM 2022 - Allgemeine Gruppe"]
[Site "Rosenheim"]
[Date "2022.08.26"]
[Round "8.16"]
[White "Gode, Gero"]
[Black "Straub, Jürgen"]
[Result "0-1"]
[WhiteElo "1754"]
[BlackElo "2126"]
[PlyCount "82"]
[EventDate "2022.??.??"]
[WhiteTeam "SK Mering"]
[BlackTeam "TSV Ingolstadt Nord"]

1. d4 e6 2. Nf3 f5 3. g3 b6 4. Bg2 Bb7 5. O-O Nf6 6. c4 Be7 7. Nc3 O-O 8. d5
Bb4 9. dxe6 Bxc3 10. bxc3 dxe6 11. Ng5 Bxg2 12. Kxg2 Qe7 13. Qb3 c5 14. Rd1 Nc6
15. Nf3 Ne4 16. Bb2 Rfd8 17. Qa4 Rxd1 18. Rxd1 Qc7 19. Rd3 h6 20. Nh4 Ne5 21.
Rd1 Nd6 22. Nf3 Nexc4 23. Bc1 b5 24. Qb3 Qc6 25. Bf4 Nf7 26. Kg1 g5 27. Bc1 Rd8
28. Be3 Rxd1+ 29. Qxd1 Nxe3 30. fxe3 Qd5 31. Qc2 Nd6 32. Qb2 a6 33. c4 Qxc4 34.
Qf6 Nf7 35. Qg6+ Kf8 36. Ne5 Nxe5 37. Qxh6+ Ke7 38. Qxg5+ Kf7 39. h3 Qxe2 40.
Kh1 Qf1+ 41. Kh2 Nf3# 0-1

[Event "Bayerische EM 2022 - Allgemeine Gruppe"]
[Site "Rosenheim"]
[Date "2022.08.26"]
[Round "8.17"]
[White "Redzepovic, Irfan"]
[Black "Bruss, Robert"]
[Result "1/2-1/2"]
[WhiteElo "2108"]
[BlackElo "1845"]
[PlyCount "86"]
[EventDate "2022.??.??"]
[WhiteTeam "SW Nürnberg Süd"]
[BlackTeam "SV Altensittenbach"]

1. d4 Nf6 2. Nf3 e6 3. c4 b6 4. g3 Ba6 5. Qc2 Bb4+ 6. Bd2 Be7 7. Bg2 O-O 8. O-O
d5 9. b3 c5 10. Bc3 Nc6 11. cxd5 exd5 12. Rd1 Rc8 13. dxc5 bxc5 14. Bxf6 Bxf6
15. Nc3 Bxc3 16. Qxc3 Bxe2 17. Rd2 Bxf3 18. Qxf3 d4 19. Qh5 Qd6 20. Rc1 Ne5 21.
f4 Nd7 22. Bh3 Rfd8 23. Qe2 Rb8 24. Qd3 Nf6 25. Rdc2 Nd5 26. Rxc5 Nb4 27. Qd2
d3 28. Bf1 Nxa2 29. R1c4 Nb4 30. Bg2 Qb6 31. Kf1 Nc2 32. Rc3 Na1 33. Bd5 Nc2
34. Qxd3 Nb4 35. Qc4 Nxd5 36. Rxd5 Rxd5 37. Qxd5 Rd8 38. Qf3 h6 39. Qe2 Qa5 40.
Re3 Rd2 41. Re8+ Kh7 42. Qe4+ f5 43. Qc4 Qa1+ 1/2-1/2

[Event "Bayerische EM 2022 - Allgemeine Gruppe"]
[Site "Rosenheim"]
[Date "2022.08.26"]
[Round "8.18"]
[White "Fuchs, Michael"]
[Black "Sandner, Michael"]
[Result "0-1"]
[WhiteElo "2049"]
[BlackElo "2089"]
[PlyCount "81"]
[EventDate "2022.??.??"]
[WhiteTeam "DJK SF Haselbach"]
[BlackTeam "SG Traunstein/Traunreut"]

1. e4 e6 2. d4 d5 3. Nd2 Nf6 4. e5 Nfd7 5. f4 c5 6. c3 Nc6 7. Ndf3 Qb6 8. g3
cxd4 9. cxd4 Be7 10. Kf2 f6 11. Kg2 O-O 12. Bd3 fxe5 13. fxe5 Kh8 14. Ne2 Rxf3
15. Kxf3 Nxd4+ 16. Nxd4 Nxe5+ 17. Kg2 Qxd4 18. Bc2 Qxd1 19. Rxd1 Bf6 20. Bb3 b6
21. Bf4 Nd7 22. Kg1 Bxb2 23. Rab1 Ba3 24. Rxd5 Bc5+ 25. Rxc5 Nxc5 26. Rd1 Bb7
27. Be5 Be4 28. Rd4 Bf5 29. g4 Bg6 30. h4 Kg8 31. Rd6 Bf7 32. Rc6 Rd8 33. h5 h6
34. Rc7 a5 35. Bc2 Kf8 36. Rc6 Rd2 37. Bg6 Bxg6 38. hxg6 Rxa2 39. Rc8+ Ke7 40.
Bxg7 Ra4 41. Rb8 0-1

[Event "Bayerische EM 2022 - Allgemeine Gruppe"]
[Site "Rosenheim"]
[Date "2022.08.26"]
[Round "8.19"]
[White "Wagner, Tizian"]
[Black "Sesselmann, Moritz"]
[Result "1/2-1/2"]
[WhiteElo "1806"]
[BlackElo "1704"]
[PlyCount "128"]
[EventDate "2022.??.??"]
[WhiteTeam "SV Seubelsdorf"]
[BlackTeam "SK Kulmbach"]

1. e4 c6 2. c4 d5 3. cxd5 cxd5 4. exd5 Nf6 5. Bb5+ Nbd7 6. Nc3 a6 7. Be2 b5 8.
Bf3 Ne5 9. Qb3 Bb7 10. a4 b4 11. d4 Nxf3+ 12. Nxf3 Nxd5 13. O-O e6 14. Bg5 Be7
15. Bxe7 Qxe7 16. Ne4 O-O 17. a5 Nf4 18. Rfe1 Bxe4 19. Rxe4 Qd6 20. Rae1 Nd5
21. Ng5 Nf6 22. Rh4 h6 23. Ne4 Nxe4 24. Rhxe4 Rfd8 25. f4 Rab8 26. Rd1 Qd5 27.
Qd3 Qxa5 28. Re5 Rb5 29. Rxb5 Qxb5 30. Qxb5 axb5 31. Kf2 Rc8 32. Ke3 Kf8 33.
Kd3 Ke7 34. Ra1 Rc7 35. Ra5 Rb7 36. g4 g5 37. f5 Kd6 38. fxe6 fxe6 39. Ke4 Ke7
40. Ke5 Kf7 41. Ra6 Rc7 42. Rxe6 Rc2 43. Rxh6 Rxb2 44. Kf5 Rd2 45. Rh7+ Kg8 46.
Rb7 Rxh2 47. Rxb5 Rb2 48. Rb7 b3 49. Kxg5 Rb1 50. Kg6 Kf8 51. g5 b2 52. d5 Ke8
53. d6 Kd8 54. Kg7 Rg1 55. Rxb2 Rxg5+ 56. Kf6 Rg1 57. Rb7 Rf1+ 58. Ke5 Re1+ 59.
Kd5 Rd1+ 60. Kc6 Rc1+ 61. Kb6 Rb1+ 62. Ka7 Rxb7+ 63. Kxb7 Kd7 64. Kb6 Kxd6
1/2-1/2